000 00524nam a2200229Ia 4500
005 20250425162202.0
008 250425s9999 xx 000 0 und d
020 _a8423406954
041 _aspa
043 _asp
082 _a610.7
100 _aHOWARD, ROBERT W.
245 0 _aCÓMO HACER FRENTE Y ADAPTARSE A LA VIDA DIARIA
250 _a1A ED.
260 _aBILBAO
260 _aEspaña
_bDEUSTO S.A
_c1988
300 _a217
650 _aADAPTACION
650 _aESTRES
942 _c01
010 _a54810
999 _c224063
_d224063